| 000 | 00594nam a2200193 i 4500 | ||
|---|---|---|---|
| 001 | 101046 | ||
| 003 | ES-MaACL | ||
| 005 | 20250828063250.0 | ||
| 007 | t| | ||
| 008 | 051011s1903 xxk ||||1| eng d | ||
| 100 | 1 |
_aMauclair, Camille, _d1872-1945 _979178 |
|
| 245 | 1 | 4 |
_aThe French impressionists (1860-1900) / _cCamille Mauclair. |
| 260 |
_aLondon : _bDuckworth, _c1903. |
||
| 300 |
_aXIX, 211 p. : _bil. ; _c15 cm. |
||
| 650 | 4 |
_aImpresionismo (Arte)- _zFrancia. _9165160 |
|
| 650 | 4 |
_aPintura francesa- _yS.XIX. _9156487 |
|
| 852 |
_aES-MaACL _jF-475 |
||
| 999 |
_c101046 _d101046 |
||